Civ6 文明クイズ 1min - Statistics

General Stats
  • This quiz has been taken 18 times
    10 since last reset
  • The average score is 36 of 54
Answer Stats
答え % Correct
アステカ
100%
アメリカ
100%
インド
100%
インドネシア
100%
オーストラリア
100%
オスマン
100%
カナダ
100%
ギリシャ
100%
イギリス
100%
アラビア
80%
インカ
80%
エジプト
80%
エチオピア
80%
オランダ
80%
コンゴ
80%
スペイン
80%
ブラジル
80%
フランス
80%
モンゴル
80%
ローマ
80%
ロシア
80%
韓国
80%
中国
80%
日本
80%
クメール
60%
クリー
60%
シュメール
60%
スウェーデン
60%
スキタイ
60%
スコットランド
60%
ドイツ
60%
ヌビア
60%
ノルウェー
60%
バビロン
60%
ハンガリー
60%
ベトナム
60%
ポーランド
60%
ポルトガル
60%
マオリ
60%
マケドニア
60%
マプチェ
60%
マヤ
60%
ガリア
40%
グルジア
40%
ズールー
40%
スワヒリ
40%
チベット
40%
トゥーレ
40%
ビザンティン
40%
フェニキア
40%
ペルシア
40%
マリ
40%
大コロンビア
40%
テオティワカン
20%
No matching quizzes found
Score Distribution
Percent of People with Each Score
Percentile by Number Answered
Your Score History
You have not taken this quiz since the last reset